| 000 | 01267cam a22003617a 4500 | ||
|---|---|---|---|
| 003 | CHAP | ||
| 005 | 20220329135158.0 | ||
| 008 | 971013s1989 r 00010 d | ||
| 010 | _a32205 | ||
| 011 | _a33177 | ||
| 035 | _a37292 | ||
| 040 | _cCHAP | ||
| 090 | _aTesis | ||
| 100 | 0 | 0 |
_aLópez López, Ramiro. _968053 |
| 245 | 1 | 3 |
_aLa tasa de descuento en la evaluación de proyectos de inversión _b: un procedimiento para su determinación |
| 260 |
_aChapingo, Méx. : _bEl autor, _c1989 |
||
| 300 | _a104 h. | ||
| 502 | _aTesis (M.C. Esp. en Economía Agrícola) -- C.P. Centro de Genética. Programa Forestal | ||
| 590 |
_aALEPH _b10 _c20130110 _lUCH01 _h1255 |
||
| 590 |
_aBATCH-UPD _b10 _c20130110 _lUCH01 _h0000 |
||
| 590 |
_aBATCH-UPD _b10 _c20130110 _lUCH01 _h1121 |
||
| 590 |
_aBATCH-UPD _b10 _c20130409 _lUCH01 _h1935 |
||
| 590 |
_aBATCH-UPD _b10 _c20130410 _lUCH01 _h0711 |
||
| 590 |
_aBATCH-UPD _b10 _c20130914 _lUCH01 _h1652 |
||
| 590 |
_aCONVERSION _b10 _c20130109 _lUCH01 _h1318 |
||
| 650 | 1 | 4 |
_aInversiones. _960178 |
| 650 | 1 | 4 |
_aProyectos _xEvaluación. _992525 |
| 650 | 1 | 4 |
_aTasas de interés. _9111728 |
| 901 | _aBK | ||
| 942 | _cFOLL | ||
| 949 |
_bBC _cTES _d-85421 _eTS1 _h21436 _i37292 _si |
||
| 949 |
_bBC _cTES _d33724000919544 _eTS2 _fc.2 _h21437 _i37292 _si |
||
| 999 |
_c32205 _d32205 |
||